000 00612nam a2200241Ia 4500
001 18441
003 GE_BSU
008 181216s||||||||xx |||||||||||||| ||und||
020 _a9781447921998
040 _cGE_BSU
080 _a331
100 _aDone,J., Mulvey,R.
245 _aBrilliant Graduate Career Handbook
245 _bWhat you need to know and how to do it
250 _aSecond edition
260 _aHarlow
260 _bPearson
260 _c2014
300 _a303p. 23cm.
653 _aBrilliant Graduate Career Handbook
653 _aWhat you need to know and how to do it
942 _cBK
999 _c51455
_d51455